Architektonická tvorba v historickom prostredí vo vzťahu k tvaru a štruktúre striech /

Guardado en:
Detalles Bibliográficos
Autor principal: Zvárová, Dagmar (Autor)
Otros Autores: Majzlík, Daniel (Orientador)
Formato: Manuscrito Libro
Lenguaje:eslovaco
Publicado: Bratislava : Fakulta architektúry Slovensej vysokej školy technickej v Bratislave, september 1987
Materias:
Etiquetas: Agregar Etiqueta
Sin Etiquetas, Sea el primero en etiquetar este registro!

MARC

LEADER 00000ntm a22000003a 4500
001 0115288
003 SK-STU
005 20250512155239.5
007 ta
008 250512s2025----xo-----f-mn---000-0-slo-d
040 |a STU  |b slo 
041 0 |a slo 
044 |a xo  |c SK 
100 1 |a Zvárová, Dagmar  |4 aut 
245 1 0 |a Architektonická tvorba v historickom prostredí vo vzťahu k tvaru a štruktúre striech /  |c aut. Dagmar Zvárová ; škol. Daniel Majzlík 
260 |a Bratislava :  |b Fakulta architektúry Slovensej vysokej školy technickej v Bratislave,  |c september 1987 
300 |a 76 s. 
650 0 7 |a strechy historické 
650 0 7 |a krovy drevené 
650 0 7 |a strešná krajina 
650 0 7 |a stavebný materiál 
650 0 7 |a architektonický vývoj 
650 0 7 |a Bratislava 
650 0 7 |a Praha 
650 0 7 |a Opava 
650 0 7 |a gotika 
650 0 7 |a renesancia 
650 0 7 |a barok 
650 0 7 |a vikier 
650 0 7 |a barokové kaštiele 
700 1 |a Majzlík, Daniel  |4 ths 
996 |b 284AU10350  |c A* 255/V  |l AAKNST  |s P  |a 0  |w 0115288_0001